[Event "15th TCh-Eur Senior"]
[Site "Dresden GER"]
[Date "2013.07.21"]
[Round "2"]
[White "Johansson,P"]
[Black "Nielsen,Pet"]
[Result "1/2-1/2"]
[WhiteElo "2007"]
[BlackElo "1753"]

1.d4 Nf6 2.Nf3 e6 3.c4 Bb4+ 4.Bd2 Qe7 5.g3 Bxd2+ 6.Qxd2 b6 7.Nc3 Bb7 8.Bg2 d6
9.O-O O-O 10.d5 exd5 11.Nxd5 Nxd5 12.cxd5 Nd7 13.Rfd1 Ne5 14.Nd4 Rfe8 15.Rac1 Qd7
16.Rc3 Ba6 17.b3 b5 18.Rdc1 Rac8 19.Qc2 Qg4 20.Qd2 Re7 21.h3 Qd7 22.a3 Bb7
23.Qg5 f6 24.Qd2 a5 25.f4 b4 26.axb4 axb4 27.Re3 c5 28.dxc6 Nxc6 29.Nxc6 Rxe3
30.Qxe3 Bxc6 31.Bxc6 Rxc6 32.Rxc6 Qxc6 33.Qe6+  1/2-1/2

[Event "15th TCh-Eur Senior"]
[Site "Dresden GER"]
[Date "2013.07.22"]
[Round "3"]
[White "Kristiansen,E"]
[Black "Thieme,H"]
[Result "1/2-1/2"]
[WhiteElo "2219"]
[BlackElo "2084"]

1.d4 Nf6 2.c4 e6 3.Nf3 Bb4+ 4.Bd2 Qe7 5.a3 Bxd2+ 6.Qxd2 d6 7.Nc3 O-O 8.e3 e5
9.Qc2 Re8 10.d5 a5 11.Be2 Na6 12.O-O Bg4 13.e4 b6 14.Nd2 Bd7 15.f4 exf4 16.Rxf4 Nc5
17.Raf1 Rf8 18.Nf3 Ng4 19.b4 axb4 20.axb4 Na6 21.Qd2 Nxb4 22.Nb5 Na6 23.Nfd4  1/2-1/2

[Event "15th TCh-Eur Senior"]
[Site "Dresden GER"]
[Date "2013.07.22"]
[Round "3"]
[White "Biller,H"]
[Black "Steedman,J"]
[Result "1/2-1/2"]
[WhiteElo "2098"]
[BlackElo "2123"]

1.d4 Nf6 2.Nf3 e6 3.c4 Bb4+ 4.Bd2 Qe7 5.a3 Bxd2+ 6.Nbxd2 d6 7.e4 e5 8.d5 a5
9.b3 Na6 10.Qc2 O-O 11.g3 Ne8 12.Bg2 f5 13.exf5 Bxf5 14.Qc3 Nc5 15.O-O Nf6
16.b4 Na4 17.Qb3 Nb6 18.Ng5 a4 19.Qa2 Kh8 20.Nde4 Nbd7 21.Rac1 b6 22.Rce1 h6
23.Nxf6 Qxf6  1/2-1/2

[Event "6th Paleochora Open"]
[Site "Paleochora GRE"]
[Date "2013.07.22"]
[Round "5.30"]
[White "Papadatos,I"]
[Black "Lauritzen,E"]
[Result "1/2-1/2"]
[WhiteElo "2128"]
[BlackElo "1981"]

1.d4 Nf6 2.Nf3 e6 3.c4 Bb4+ 4.Bd2 c5 5.Bxb4 cxb4 6.Nbd2 O-O 7.e4 d6 8.Bd3 e5
9.O-O Nc6 10.d5 Ne7 11.c5 dxc5 12.Nxe5 a6 13.Qc2 b6 14.Rad1 Bb7 15.Ndf3 Rc8
16.Nc6 Nxc6 17.dxc6 Bxc6 18.Bxa6 Qc7 19.Bxc8 Bxe4 20.Qe2 Rxc8 21.Nd2 Bd5
22.b3 Qc6 23.f3 b5 24.Rc1 c4 25.bxc4 bxc4  1/2-1/2

[Event "VIII Vladimir Dvorkovich Open"]
[Site "Taganrog RUS"]
[Date "2013.07.22"]
[Round "1.10"]
[White "Shubny,Aleksandr"]
[Black "Dmitrenko,V"]
[Result "0-1"]
[WhiteElo "2036"]
[BlackElo "2374"]

1.d4 Nf6 2.c4 e6 3.Nf3 Bb4+ 4.Bd2 Qe7 5.a3 Bxd2+ 6.Nbxd2 d6 7.e3 e5 8.dxe5 dxe5
9.Qc2 Nbd7 10.Be2 a5 11.O-O a4 12.Ne4 Nxe4 13.Qxe4 O-O 14.Rad1 c6 15.Qc2 Nc5
16.Rfe1 Re8 17.h3 Qf6 18.e4 h6 19.Nh2 Nb3 20.Bg4 Qe7 21.Rd3 Bxg4 22.Nxg4 Rad8
23.Red1 Rd4 24.Rg3 Kh7 25.Ne3 g6 26.Ng4 h5 27.Ne3 Red8 28.Kh2 Rd2 29.Rxd2 Rxd2
30.Qc3 Rxf2 31.Nd1 Rd2 32.Rd3 Qg5 33.Rxd2 Nxd2 34.Qd3 Qf4+ 35.g3 Nf3+  0-1

[Event "28th Avoine Open"]
[Site "Avoine FRA"]
[Date "2013.07.23"]
[Round "4.50"]
[White "Oney,Fa"]
[Black "Hirth,J"]
[Result "1/2-1/2"]
[WhiteElo "1835"]
[BlackElo "2079"]

1.d4 Nf6 2.c4 e6 3.Nf3 Bb4+ 4.Bd2 c5 5.e3 O-O 6.Be2 Nc6 7.O-O Bxd2 8.Nbxd2 cxd4
9.exd4 d5 10.c5 Ne4 11.a3 a5 12.Bb5 f5 13.Bxc6 bxc6 14.Ne5 Ba6 15.Re1 Qh4
16.Nxe4 fxe4 17.Qd2 Rf6 18.Re3 Qf4 19.Rd1 Rh6 20.Rg3 Qxd2 21.Rxd2 Bb5 22.b3 Rb8
23.Re3 Rb7 24.Rd1 a4 25.Rb1 axb3 26.Rexb3 Ra7 27.Ra1 Ra4 28.Rb4 Rf6 29.Rxa4 Bxa4
30.Rb1 Bb5 31.a4 Bxa4 32.Rb6 e3 33.fxe3 Bb5 34.Rb8+ Rf8 35.Rxf8+ Kxf8 36.Kf2 Ke7
37.Kf3 Kf6 38.e4 Ke7 39.Kf4 Kf6 40.h4 h6 41.h5 dxe4 42.Ng4+ Ke7 43.Kxe4 Bf1
44.Kf3 Bc4 45.Ne3 Bb5 46.Kf4 Be2 47.Ng4 Bc4 48.Ne5 Bd5 49.g3 Kf6 50.Ng4+ Ke7
51.Nf2 Bc4  1/2-1/2

[Event "65th ch-MNE 2013"]
[Site "Cetinje SRB"]
[Date "2013.07.24"]
[Round "5.15"]
[White "Misovic,S"]
[Black "Lakusic,Zoran"]
[Result "1-0"]
[WhiteElo "1842"]
[BlackElo "1649"]

1.d4 Nf6 2.c4 e6 3.Nf3 Bb4+ 4.Bd2 Bxd2+ 5.Nbxd2 O-O 6.e4 d5 7.e5 Ne8 8.Qc2 Nc6
9.c5 g6 10.a3 Ng7 11.b4 a6 12.Bd3 Bd7 13.O-O Nf5 14.Qc3 Nh4 15.a4 Nxf3+ 16.Nxf3 Ne7
17.Rfb1 c6 18.b5 axb5 19.axb5 Rxa1 20.Rxa1 cxb5 21.Qb3 b6 22.Bxb5 bxc5 23.dxc5 Qb8
24.Rb1 Qxb5 25.Qxb5 Bxb5 26.Rxb5 Nc6 27.Rb6 Rc8 28.Rb7 h6 29.Kf1 Kg7 30.Ke2 g5
31.Ke3 g4 32.Nd4 Nxe5 33.Nxe6+ Kf6 34.Rc7 Re8 35.Nd4 Nf3+ 36.Kd3 Ne1+ 37.Kd2 Nxg2
38.Rc6+ Ke5 39.Kc3 h5 40.Rc7 f6 41.Rd7 Nf4 42.Rh7 Ne6 43.Rxh5+ Ng5 44.Nb5 Rc8
45.Kb4 d4 46.Nd6 Rb8+ 47.Kc4 Rb2 48.Nf7+ Ke4 49.Nxg5+ fxg5 50.Rxg5 Rc2+ 51.Kb3 Rxf2
52.Rxg4+ Ke3 53.Rg3+ Ke2 54.Kc4 Rxh2 55.Kxd4 Rh4+ 56.Kd5 Rh5+ 57.Kd6 Rh6+
58.Kc7 Rh7+ 59.Kb6 Rh1 60.c6 Rb1+  1-0

[Event "6th Paleochora Open"]
[Site "Paleochora GRE"]
[Date "2013.07.24"]
[Round "7.19"]
[White "Stathopoulos,I"]
[Black "Lauritzen,E"]
[Result "1-0"]
[WhiteElo "2247"]
[BlackElo "1981"]

1.d4 Nf6 2.c4 e6 3.Nf3 Bb4+ 4.Bd2 c5 5.Bxb4 cxb4 6.a3 Qe7 7.c5 Nc6 8.axb4 Nxb4
9.Nc3 O-O 10.e4 d5 11.cxd6 Qd8 12.Be2 Bd7 13.Ne5 a6 14.Nxd7 Nxd7 15.O-O Nc6
16.Qd2 Rc8 17.Rfd1 Na5 18.Ra3 Nc4 19.Bxc4 Rxc4 20.e5 f5 21.Kh1 Qc8 22.d5 Nxe5
23.Qe2 Ng6 24.d7 Qc7 25.dxe6 Nf4 26.e7  1-0

[Event "39th Sitges Open"]
[Site "Sitges ESP"]
[Date "2013.07.24"]
[Round "3.7"]
[White "Hayrapetyan,Ho"]
[Black "Hauge,Lars Oskar"]
[Result "0-1"]
[WhiteElo "2486"]
[BlackElo "2206"]

1.d4 Nf6 2.Nf3 e6 3.c4 Bb4+ 4.Bd2 Qe7 5.g3 Nc6 6.Bg2 Bxd2+ 7.Nbxd2 d6 8.O-O a5
9.e4 e5 10.d5 Nb8 11.Ne1 O-O 12.Nd3 Na6 13.f4 Nd7 14.f5 c6 15.h4 Rb8 16.a3 Nac5
17.Nxc5 Nxc5 18.b4 Na6 19.b5 Nc5 20.Qf3 f6 21.g4 cxb5 22.cxb5 Bd7 23.a4 Nxa4
24.Rxa4 Bxb5 25.Rxa5 Bxf1 26.Bxf1 Qc7 27.Rb5 Ra8 28.Qd3 Ra5 29.Qc4 Qxc4 30.Bxc4 Rxb5
31.Bxb5 Kf7 32.Nc4 Ke7 33.Na5 Ra8 34.Nxb7 Ra2 35.Kf1 Rb2 36.Bc6 Rh2 37.Ba4 Rxh4
38.Bd1 Rh1+ 39.Ke2 Rh2+ 40.Kd3 Ra2  0-1

[Event "65th ch-MNE 2013"]
[Site "Cetinje SRB"]
[Date "2013.07.25"]
[Round "6.2"]
[White "Nikcevic,N"]
[Black "Drasko,M"]
[Result "1/2-1/2"]
[WhiteElo "2441"]
[BlackElo "2458"]

1.Nf3 Nf6 2.c4 e6 3.d4 Bb4+ 4.Bd2 c5 5.Bxb4 cxb4 6.Nbd2 O-O 7.e3 b6 8.Be2 Bb7
9.O-O d6 10.a3 bxa3 11.Rxa3  1/2-1/2

[Event "Karpacz Open 2013"]
[Site "Karpacz POL"]
[Date "2013.07.25"]
[Round "4.1"]
[White "Sieciechowicz,M"]
[Black "Moranda,W"]
[Result "0-1"]
[WhiteElo "2462"]
[BlackElo "2570"]

1.d4 Nf6 2.c4 e6 3.Nf3 Bb4+ 4.Bd2 Qe7 5.g3 Bxd2+ 6.Nbxd2 d6 7.e4 e5 8.d5 O-O
9.Bg2 Bg4 10.O-O a5 11.Qc2 Bxf3 12.Bxf3 Na6 13.a3 c6 14.Rab1 Rfc8 15.dxc6 bxc6
16.b4 axb4 17.axb4 Nc7 18.Ra1 Rab8 19.Ra4 Ne6 20.Nb3 c5 21.b5 Nd4 22.Qd3 Qe6
23.Nd2 Nd7 24.Bg2 Nb6 25.Ra7 g6 26.f4 exf4 27.gxf4 Ra8 28.Bh3 Qe8 29.Rb7 Rcb8
30.Rxb8 Qxb8 31.f5 Ra2 32.Rf2 Qa7 33.Qg3 Qe7 34.Bf1 Nd7 35.Qe3 Nxf5 36.Qb3 Qg5+
37.Kh1 Rxd2 38.Rxd2 Qxd2 39.exf5 Qf2 40.Qb1 Qxf5 41.Qxf5 gxf5 42.Kg2 Kg7
43.Kg3 Kf6 44.Kf4 Nb6 45.Bd3 h6 46.h3 d5 47.cxd5 Nxd5+ 48.Kf3 Ke5 49.Bc4 f6
50.Ba2 Nb6 51.Ke3 c4 52.Bb1 f4+ 53.Kf2 Kd4 54.Kf3 Ke5 55.Kf2 c3 56.Bc2 Nd5
57.Bb1 Kd4 58.Kf3 Kc5 59.Bd3 f5 60.h4 Kb6 61.Ke2 Nb4 62.Bxf5 Kxb5 63.h5 Kc4
64.Kf3 Nd3 65.Ke2 Kd4 66.Kd1 f3 67.Kc2 Nf4  0-1

[Event "VIII Vladimir Dvorkovich Open"]
[Site "Taganrog RUS"]
[Date "2013.07.25"]
[Round "4.16"]
[White "Elizarov,D"]
[Black "Dida,Igor"]
[Result "1-0"]
[WhiteElo "2395"]
[BlackElo "1934"]

1.d4 Nf6 2.c4 e6 3.Nf3 Bb4+ 4.Bd2 Bxd2+ 5.Nbxd2 d5 6.e3 O-O 7.Bd3 dxc4 8.Nxc4 Nc6
9.O-O Nb4 10.Be2 a5 11.a3 Nbd5 12.Qc2 b6 13.Nce5 Ba6 14.Bxa6 Rxa6 15.Rac1 Ne8
16.Nc6 Qd6 17.e4 Ne7 18.e5 Qxc6 19.Qxc6 Nxc6 20.Rxc6 Ra8 21.Rfc1 Rd8 22.Kf1 Rd7
23.Ke2 Re7 24.Ng5 h6 25.Ne4 f6 26.f4 f5 27.Nc3 g5 28.g3 Kh7 29.d5 Ng7 30.d6 cxd6
31.exd6 Rb7 32.Nb5 Rd8 33.Rc7 Rbb8 34.d7 e5 35.Rc8 Ne6 36.Rxb8 Rxb8 37.Rc6 Nc5
38.fxe5 Rd8 39.Rxc5  1-0

[Event "15th TCh-Eur Senior"]
[Site "Dresden GER"]
[Date "2013.07.26"]
[Round "7"]
[White "Niebuhr,G"]
[Black "Jones,I"]
[Result "0-1"]
[WhiteElo "2072"]
[BlackElo "2225"]

1.d4 Nf6 2.c4 e6 3.Nf3 Bb4+ 4.Bd2 Qe7 5.e3 Bxd2+ 6.Qxd2 d6 7.Nc3 O-O 8.Be2 c6
9.O-O Nbd7 10.Rad1 Re8 11.e4 e5 12.dxe5 dxe5 13.Qd6 Qxd6 14.Rxd6 Nc5 15.Rdd1 Bg4
16.h3 Bh5 17.Bd3 Rad8 18.Bc2 Bxf3 19.gxf3 Ne6 20.Ne2 Nh5 21.b4 Nhf4 22.Nxf4 Nxf4
23.Kh2 h5 24.c5 h4 25.Bb3 Kf8 26.Bc4 Ke7 27.Rd6 Rxd6 28.cxd6+ Kf6 29.a4 Rd8
30.Rd1 Ne6 31.Kg2 g5 32.b5 c5 33.a5 Nd4 34.b6 axb6 35.axb6 Rxd6 36.Rb1 Rd7
37.Bd5 Ke7 38.Ra1 Ne6 39.Kf1 Rd6 40.Rb1 Nd8 41.Rb5 Rf6 42.Rb3 Nc6 43.Ra3 Nb4
44.Bxb7 Rxb6 45.Ra7 Kd6 46.Bc8 Rb8 47.Bf5 c4  0-1

[Event "III Brazil Maringa Open"]
[Site "Maringa BRA"]
[Date "2013.07.26"]
[Round "5.12"]
[White "Chaves,Jor"]
[Black "Feliciano,V"]
[Result "0-1"]
[WhiteElo "2010"]
[BlackElo "2247"]

1.d4 Nf6 2.c4 e6 3.Nf3 Bb4+ 4.Bd2 Qe7 5.a3 Bxd2+ 6.Qxd2 d6 7.Nc3 O-O 8.e3 Nbd7
9.Be2 e5 10.O-O-O Re8 11.Rde1 c6 12.Bd1 a6 13.Bc2 b5 14.cxb5 axb5 15.Kb1 e4
16.Ng5 d5 17.Bb3 Nb6 18.Na2 h6 19.Nh3 Bxh3 20.gxh3 Nh7 21.Rc1 Nc4 22.Bxc4 bxc4
23.Rc3 Ng5 24.Nb4 Nf3 25.Qc1 Qe6 26.Qc2 Reb8 27.Kc1 Rxb4  0-1

[Event "65th ch-MNE 2013"]
[Site "Cetinje SRB"]
[Date "2013.07.27"]
[Round "8.2"]
[White "Blagojevic,Dr"]
[Black "Drasko,M"]
[Result "1/2-1/2"]
[WhiteElo "2530"]
[BlackElo "2458"]

1.d4 e6 2.c4 Nf6 3.Nf3 Bb4+ 4.Bd2 Qe7 5.g3 Nc6 6.Nc3 O-O 7.Bg2 Na5 8.b3 b6
9.Ne5 Bb7 10.Bxb7 Nxb7 11.O-O c5 12.Nd3 Bxc3 13.Bxc3 d5 14.cxd5 Nxd5 15.Bb2 cxd4
16.Bxd4 Rfd8 17.Qd2  1/2-1/2

[Event "Politiken Cup 2013"]
[Site "Helsingor DEN"]
[Date "2013.07.27"]
[Round "1.61"]
[White "Torkilseng,R"]
[Black "Holm,Kristian Stuvik"]
[Result "0-1"]
[WhiteElo "1827"]
[BlackElo "2255"]

1.d4 Nf6 2.c4 e6 3.Nf3 Bb4+ 4.Bd2 Qe7 5.a3 Bxd2+ 6.Nbxd2 d6 7.e4 e5 8.d5 a5
9.b3 Na6 10.Be2 Nc5 11.Qc2 Nh5 12.O-O Nf4 13.Rfe1 O-O 14.Bf1 f5 15.b4 Nxe4
16.Nxe4 fxe4 17.Qxe4 Qf6 18.b5 b6 19.Qe3 Nh3+ 20.gxh3 Qxf3 21.Qxf3 Rxf3 22.Re3 Rf4
23.Rae1 Bf5 24.R1e2 Rxc4 25.Rd2 Rc1 26.Kg2 Rf8 27.h4 Bd7 28.Rb3 Rf4 29.Rg3  0-1

[Event "III Brazil Maringa Open"]
[Site "Maringa BRA"]
[Date "2013.07.27"]
[Round "6.13"]
[White "Freire Dos Santos,F"]
[Black "Gauche,C"]
[Result "0-1"]
[WhiteElo "2052"]
[BlackElo "2204"]

1.d4 Nf6 2.c4 e6 3.Nf3 Bb4+ 4.Bd2 Qe7 5.a3 Bxd2+ 6.Nbxd2 d6 7.Qc2 e5 8.dxe5 dxe5
9.e3 O-O 10.Be2 Bg4 11.h3 Bh5 12.g4 Bg6 13.Qc3 Nbd7 14.Nh4 e4 15.g5 Nh5 16.Rg1 Rfd8
17.O-O-O a5 18.Nb3 a4 19.Nd4 Qe5 20.Ndf5 Qxc3+ 21.bxc3 Nc5 22.Kc2 Kf8 23.Rd5 Rxd5
24.cxd5 Bxf5 25.Nxf5 g6 26.Nh4 Ng7 27.Bb5 Ke7 28.Rg4 f5 29.Rf4 h5 30.gxh6 g5  0-1

[Event "9th Gazi 2013"]
[Site "Gazi GRE"]
[Date "2013.07.28"]
[Round "3"]
[White "Bras,E"]
[Black "Papadakis,M"]
[Result "1/2-1/2"]
[WhiteElo "2022"]
[BlackElo "2222"]

1.d4 Nf6 2.c4 e6 3.Nf3 Bb4+ 4.Bd2 a5 5.a3 Bxd2+ 6.Nbxd2 d5 7.e3 O-O 8.Be2 b6
9.O-O Bb7 10.Rc1 Nbd7 11.cxd5 exd5 12.b4 axb4 13.axb4 c6 14.Qb3 Qc7 15.Ra1 Rfb8
16.h3 h6 17.Qc3 b5 18.Rxa8 Rxa8 19.Ra1 Nb8 20.Rxa8 Bxa8 21.Ne5 Bb7 22.Bf3 Na6
23.Nd3 Kf8 24.Nb3 Ne8 25.Na5 Nb8 26.Ne5 Ba8 27.Qc5+  1/2-1/2

[Event "Politiken Cup 2013"]
[Site "Helsingor DEN"]
[Date "2013.07.28"]
[Round "2.59"]
[White "Holm,Kristian Stuvik"]
[Black "Preuss,F"]
[Result "1-0"]
[WhiteElo "2255"]
[BlackElo "1994"]

1.d4 Nf6 2.c4 e6 3.Nf3 Bb4+ 4.Bd2 Qe7 5.g3 O-O 6.Bg2 Nc6 7.O-O Bxd2 8.Qxd2 d6
9.Nc3 e5 10.Nd5 Qd8 11.Rfd1 Bg4 12.dxe5 dxe5 13.h3 Bxf3 14.Bxf3 Re8 15.Bg2 Rb8
16.e3 Qd6 17.Qc2 Nb4 18.Nxf6+ Qxf6 19.Qa4 Nc6 20.b4 a6 21.b5 axb5 22.cxb5 Ne7
23.Qc4 c6 24.a4 Red8 25.b6 Qe6 26.Qc5 g6 27.Rxd8+ Rxd8 28.a5 Kg7 29.Kh2 Rd2
30.e4 Qd6 31.Qe3 Rd3 32.Qe1 Qd4 33.Rb1 Qa4 34.a6 Qxa6 35.Bf1 Qa3 36.Bxd3 Qxd3
37.Rd1 Qa6 38.Rd7 Nc8 39.Qc3 Qb5 40.Qf3 Qc4 41.Rxb7 Nd6 42.Rd7  1-0

[Event "Politiken Cup 2013"]
[Site "Helsingor DEN"]
[Date "2013.07.29"]
[Round "4.17"]
[White "Lindgren,P"]
[Black "Schandorff,L"]
[Result "0-1"]
[WhiteElo "2287"]
[BlackElo "2522"]

1.d4 Nf6 2.c4 e6 3.Nf3 Bb4+ 4.Bd2 c5 5.Bxb4 cxb4 6.g3 O-O 7.Bg2 d6 8.O-O Re8
9.a3 Nc6 10.axb4 Nxb4 11.e4 Qc7 12.e5 dxe5 13.dxe5 Nd7 14.Qe2 Nc5 15.Nc3 Bd7
16.Nb5 Bxb5 17.cxb5 Qb6 18.Qc4 Nd5 19.Rfe1 h6 20.Nd2 Red8 21.Rac1 Rac8 22.Nb3 Nxb3
23.Qxb3 Rxc1 24.Rxc1 Qd4 25.Re1 Rc8 26.Rd1 Qxe5 27.Bxd5 exd5 28.Qxd5 Qxd5
29.Rxd5 b6 30.Kg2 g6 31.h4 h5 32.Kf3 Rc2 33.Rd7 Rxb2 34.Rxa7 Rxb5 35.Rb7 Kg7
36.Ke3 Kf6 37.Kf3 Ke6 38.Ke3 Rb3+ 39.Kf4 Rb2 40.Ke3 Rb5 41.Kf4 Rf5+ 42.Ke3 b5
43.f3 Kd6 44.g4 Kc6 45.Rb8 Rd5 46.Kf4 Kc5 47.Rf8 b4 48.Rxf7 b3 49.Rb7 Kc4
50.Ke3 Rd6 51.gxh5 gxh5 52.Rc7+ Kb4 53.Rb7+ Kc3 54.Rc7+ Kb4 55.Rb7+ Ka3 56.Ra7+ Kb2
57.Rb7 Kc2 58.Kf4 Rd5 59.Ke4 Ra5 60.Rc7+ Kd2 61.Rb7 Kc3 62.Rc7+ Kb4 63.Rc1 b2
64.Rb1 Kc3 65.f4 Kc2  0-1

[Event "Politiken Cup 2013"]
[Site "Helsingor DEN"]
[Date "2013.07.29"]
[Round "4.70"]
[White "Rasmussen,He2"]
[Black "Pedersen,HB"]
[Result "0-1"]
[WhiteElo "1835"]
[BlackElo "2118"]

1.d4 Nf6 2.c4 e6 3.Nf3 Bb4+ 4.Bd2 Qe7 5.a3 Bxd2+ 6.Nbxd2 d6 7.e4 e5 8.d5 a5
9.b4 O-O 10.Be2 Na6 11.O-O Bg4 12.Rb1 axb4 13.axb4 c5 14.dxc6 bxc6 15.Ne1 Bxe2
16.Qxe2 c5 17.b5 Nb4 18.Nd3 Nc2 19.Rfc1 Nd4 20.Qd1 Ra3 21.Ne1 Qb7 22.f3 Rfa8
23.Ra1 Ne2+ 24.Qxe2 Rxa1 25.Rxa1 Rxa1 26.Kf2 Ra2 27.Nd3 Nd7 28.Nc1 Ra3 29.Ncb3 Nf8  0-1

[Event "5th Rethymno Open"]
[Site "Rethymno GRE"]
[Date "2013.07.30"]
[Round "4.5"]
[White "Borovikov,V"]
[Black "Kapnisis,S"]
[Result "1/2-1/2"]
[WhiteElo "2564"]
[BlackElo "2449"]

1.d4 Nf6 2.Nf3 e6 3.c4 Bb4+ 4.Bd2 Qe7 5.g3 Nc6 6.Nc3 O-O 7.Bg2 Na5 8.b3 b6
9.O-O Bb7 10.Qc2 Rac8 11.Rfe1 c5 12.a3 Bxc3 13.Bxc3 Bxf3 14.exf3 cxd4 15.Bb4 d6
16.Qd3 Nc6 17.f4 a5 18.Bd2 Rfd8 19.Bxc6 Rxc6 20.Qxd4 d5 21.cxd5 Rxd5 22.Qb2 h5
23.Bc3 h4 24.Bxf6 Qxf6 25.Qxf6 gxf6 26.Re3 h3 27.g4 Rd4 28.Rxh3 Rxf4 29.Rg3 Rc2
30.Rf1 b5 31.h3 Ra2 32.b4 axb4 33.axb4 Rxb4 34.Rf3 Kg7 35.Rd1 Rc4 36.Rd7 b4
37.Kg2 Rb2 38.Rb7 Rd4 39.Kg3 Rc2 40.Re3 Kg6 41.f3 e5 42.Rb3 Rcc4 43.Rb6 Kg5
44.Rb5 Kg6 45.Rb6 Kg7 46.Rb5 e4 47.fxe4 Rxe4 48.Kf3 Kg6 49.Rb7 Red4 50.Ke3 f5
51.gxf5+ Kf6 52.Kf3 Re4 53.Kg3 Rf4 54.Kg2 Rfd4 55.Kg3 Rf4 56.Kg2 Rfd4  1/2-1/2

[Event "Sparkassen Open A 2013"]
[Site "Dortmund GER"]
[Date "2013.07.31"]
[Round "5.8"]
[White "Schroeder,Kevin"]
[Black "Webb,L"]
[Result "0-1"]
[WhiteElo "2079"]
[BlackElo "2286"]

1.d4 Nf6 2.c4 e6 3.Nf3 Bb4+ 4.Bd2 Bxd2+ 5.Qxd2 d6 6.Nc3 O-O 7.g3 Nc6 8.Bg2 e5
9.d5 Ne7 10.O-O a5 11.c5 Nd7 12.Ne4 dxc5 13.Rac1 b6 14.d6 Nc6 15.Rfd1 Ra7
16.Nh4 cxd6 17.Nxd6 Ndb8 18.Bd5 Rd7 19.Nxc8 Qxc8 20.Nf5 Nd4 21.Ne3 Qd8 22.Qd3 Rxd5
23.Nxd5 Qxd5 24.e3 Nf3+ 25.Kh1 Qc6 26.Qd5 g6 27.h4 Rc8 28.Kg2 Qxd5 29.Rxd5 e4
30.Rc4 f5 31.Rc3 Kf7 32.Rd6 Rc6 33.Rd8 Na6 34.Rc1 Nb4 35.Rcd1 Ne5 36.Rh8 Kg7
37.Rdd8 Nf7 38.Rhg8+ Kf6 39.Rde8 Nd3 40.Rb8 Ke6 41.Rb7 c4 42.Re8+ Kd5 43.Rxf7 Nxb2
44.Rd7+ Kc5 45.Re5+ Kb4 46.Kf1 Ka3 47.Rd2 c3 48.Rc2 Kxa2 49.Rd5 Kb1  0-1

[Event "100th ch-GBR 2013"]
[Site "Torquay ENG"]
[Date "2013.07.31"]
[Round "3.4"]
[White "Fernandez,Dan SIN"]
[Black "Williams,Si1"]
[Result "1-0"]
[WhiteElo "2346"]
[BlackElo "2481"]

1.d4 Nf6 2.c4 e6 3.Nf3 Bb4+ 4.Bd2 Qe7 5.a3 Bxd2+ 6.Nbxd2 d6 7.e4 e5 8.d5 O-O
9.g3 c6 10.Nh4 b5 11.cxb5 cxd5 12.exd5 e4 13.Nc4 Bg4 14.Be2 Bh3 15.Bf1 Bg4
16.Qd4 Nbd7 17.h3 Bf3 18.Nxf3 exf3+ 19.Ne3 Rfe8 20.Bd3 Nc5 21.Bc2 Qd7 22.O-O-O Qxb5
23.Kb1 Rab8 24.Nf5 Qd7 25.Rhe1 Re2 26.Rxe2 fxe2 27.Re1 Re8 28.g4 Re5 29.f4 Rxd5
30.Qc3 Nce4 31.Qb4 Rb5 32.Qd4 Qb7 33.Rxe2 Rxb2+ 34.Kc1 Rxc2+ 35.Rxc2 h6 36.Nxd6 Nxd6
37.Qxd6 Qb3 38.Qb4 Qxh3 39.Qb8+ Kh7 40.Qxa7 Qf1+ 41.Kb2 Qxf4 42.Qxf7 Qxg4
43.Qc4 Qf5 44.a4 h5 45.Qc5 Nd5 46.Rd2 Qe5+ 47.Rd4 Qb8+ 48.Kc1 Nf6 49.Qf5+ Kg8
50.a5 Qc7+ 51.Kb2 Qb7+ 52.Ka3 Qc6 53.Qd3 Qc1+ 54.Ka4 Qa1+ 55.Kb5 Qb2+ 56.Kc6 Qg2+
57.Kc5 h4 58.a6 h3 59.Qb3+ Kh7 60.Rh4+ Kg6 61.Rxh3 Qg5+ 62.Kc6 Qg2+ 63.Kb6 Qf2+
64.Kb7 Qg2+ 65.Kb8 Qc6 66.Rg3+ Kh6 67.Rh3+ Kg6 68.Qg3+  1-0

[Event "Charleroi Open 2013"]
[Site "Charleroi BEL"]
[Date "2013.08.02"]
[Round "8.2"]
[White "Maalla,A"]
[Black "Kveinys,A"]
[Result "0-1"]
[WhiteElo "2118"]
[BlackElo "2479"]

1.d4 Nf6 2.Nf3 e6 3.c4 Bb4+ 4.Bd2 a5 5.Nc3 O-O 6.g3 d5 7.cxd5 exd5 8.Bg2 c6
9.O-O Na6 10.Ne5 Re8 11.f4 Bf5 12.e3 Qc8 13.Bf3 Bxc3 14.bxc3 Be4 15.g4 Bxf3
16.Qxf3 Ne4 17.Be1 f6 18.Nd3 Nc7 19.Rc1 b5 20.Rc2 Ne6 21.h4 c5 22.f5 c4 23.Nc1 Nf8
24.Ne2 Qd7 25.a3 Qd6 26.Ra2 Qc6 27.Nf4 Reb8 28.Rg2 b4 29.cxb4 c3 30.Nd3 axb4
31.Nxb4 Rxb4 32.axb4 c2 33.Bc3 Qxc3 34.Rc1 Ra1  0-1

[Event "XXII TCh-MKD 2013"]
[Site "Struga MKD"]
[Date "2013.08.02"]
[Round "5.6"]
[White "Andonovski,L"]
[Black "Bogdanovski,V"]
[Result "0-1"]
[WhiteElo "2273"]
[BlackElo "2435"]

1.d4 Nf6 2.c4 e6 3.Nf3 Bb4+ 4.Bd2 c5 5.Bxb4 cxb4 6.Nbd2 O-O 7.e3 d6 8.Bd3 Nc6
9.O-O e5 10.Qc2 Bg4 11.dxe5 dxe5 12.Ng5 h6 13.Nh7 Nxh7 14.Bxh7+ Kh8 15.Be4 Rc8
16.h3 Be6 17.Nb3 b6 18.Rad1 Qh4 19.Bd5 Rfe8 20.Nd2 Qe7 21.Ne4 Red8 22.Ng3 Na5
23.Bxe6 Qxe6 24.b3 Nb7 25.Nf5 Rxd1 26.Rxd1 b5 27.Qe4 Nc5 28.Qg4 g6 29.Nxh6 Qxg4
30.Nxg4 bxc4 31.bxc4 e4 32.Nf6 a5 33.g4 a4 34.Rb1 Nd3 35.Nxe4 Rxc4 36.Rd1 Rc1
37.Rf1 a3 38.Nd2 Rxf1+ 39.Kxf1 Nc1 40.Nc4 Nxa2  0-1

[Event "100th ch-GBR 2013"]
[Site "Torquay ENG"]
[Date "2013.08.02"]
[Round "5.3"]
[White "Wells,P"]
[Black "Kosten,A"]
[Result "1-0"]
[WhiteElo "2479"]
[BlackElo "2458"]

1.d4 Nf6 2.c4 e6 3.Nf3 Bb4+ 4.Bd2 a5 5.g3 d5 6.Bg2 dxc4 7.Qc2 Nc6 8.Qxc4 Qd5
9.Qd3 O-O 10.O-O Rd8 11.Nc3 Qh5 12.Bg5 Be7 13.Qb5 Ra6 14.Bxf6 Qxb5 15.Nxb5 Bxf6
16.a4 Rb6 17.Rfd1 Bd7 18.Nd2 Rc8 19.Rac1 g6 20.Ne4 Be7 21.Nc5 Be8 22.Nxb7 Nd8
23.Nxa5 Bxb5 24.axb5 Rxb5 25.Nc4 Rcb8 26.Rc2 Kg7 27.e3 h5 28.h4 f5 29.Ra1 Nf7
30.Ra7 Bd8 31.Ra6 g5 32.hxg5 Nxg5 33.f4 Nf7 34.Rxe6 h4 35.gxh4 Bxh4 36.Bc6 Rb4
37.Be8 Nd8 38.Rg6+ Kf8 39.Bd7  1-0

[Event "9th Gazi 2013"]
[Site "Gazi GRE"]
[Date "2013.08.03"]
[Round "9"]
[White "Pissadakis,Dimitrios"]
[Black "Despotakis,Vasilios"]
[Result "1/2-1/2"]
[WhiteElo "1482"]
[BlackElo "1791"]

1.d4 Nf6 2.c4 e6 3.Nf3 Bb4+ 4.Bd2 Qe7 5.a3 Bxd2+ 6.Nbxd2 b6 7.e3 Bb7 8.Qc2 O-O
9.Bd3 d6 10.Ne4 Nbd7 11.O-O c5 12.Rac1 Rac8 13.Qb1 Rc7 14.Nfd2 Rfc8 15.b3 h6
16.Nxf6+ Nxf6 17.Be4 Nxe4 18.Nxe4 Bxe4 19.Qxe4 cxd4 20.Qxd4 d5 21.Rfd1 Qxa3
22.Ra1 Qxb3 23.cxd5 exd5 24.Qxd5 Qxd5 25.Rxd5 Rc1+ 26.Rd1 Rxd1+ 27.Rxd1 Rc7
28.Rd8+ Kh7 29.Kf1 Kg6 30.Ke2 Kf6 31.Re8 a5 32.Rb8 Rc6 33.Kd3 Ke6 34.Kd4 g5
35.Rb7 h5 36.h3 f6 37.g3 Kd6 38.Rf7 Ke6 39.Rb7 Rd6+ 40.Kc4 Ke5 41.f3 f5 42.Re7+ Re6
43.f4+ gxf4 44.exf4+ Kd6 45.Rh7 Kc6 46.Rxh5 b5+ 47.Kb3 Rf6 48.Rg5 Kd6 49.h4 Ke6
50.Rg8 Rf7 51.Rg6+ Rf6 52.Rxf6+ Kxf6 53.Ka3 Kg6 54.Kb3 Kh5 55.Ka3 Kg4 56.Kb3  1/2-1/2

[Event "Politiken Cup 2013"]
[Site "Helsingor DEN"]
[Date "2013.08.03"]
[Round "9.5"]
[White "Timman,J"]
[Black "Hansen,SuB"]
[Result "1/2-1/2"]
[WhiteElo "2584"]
[BlackElo "2549"]

1.d4 Nf6 2.c4 e6 3.Nf3 Bb4+ 4.Bd2 c5 5.Bxb4 cxb4 6.g3 O-O 7.Bg2 d6 8.O-O Nc6
9.Qb3 Qb6 10.a3 Bd7 11.axb4 Qxb4 12.Nfd2 a5 13.Qc3 e5 14.e3 exd4 15.exd4 Rfe8
16.Na3 Qb6 17.c5 dxc5 18.dxc5 Qb4 19.Qxb4 axb4 20.Nac4 Rab8 21.Rfe1 Be6 22.Nd6 Re7
23.N2e4 Nxe4 24.Bxe4 g6 25.Bxc6 bxc6 26.Ra6 Rc7 27.Rb6 Ra8 28.Rxb4 h5 29.f3 Ra5
30.Rb8+ Kh7 31.Ne4 Kg7 32.Kf2 Bd5 33.Nd6 Rca7 34.Rc1 f6 35.h4 Re7 36.Ne8+ Kf7
37.Nd6+ Kg7 38.Rb4 f5 39.Rd4 Kf6 40.Rb4 Ra8 41.g4 fxg4 42.fxg4 Kg7 43.Rf1 Rf8+
44.Kg1 Bf3 45.gxh5 Re2 46.Rb7+ Kg8 47.Rf2 Re1+ 48.Rf1 Re2 49.Rf2 Re1+  1/2-1/2

[Event "XX Feria de las Flores 2013"]
[Site "Medellin COL"]
[Date "2013.08.03"]
[Round "1.8"]
[White "Zapata,JuanC"]
[Black "Rios,Cr"]
[Result "0-1"]
[WhiteElo "2087"]
[BlackElo "2369"]

1.d4 Nf6 2.c4 e6 3.Nf3 Bb4+ 4.Bd2 a5 5.g3 d6 6.Bg2 Nbd7 7.O-O e5 8.Bg5 exd4
9.Nxd4 O-O 10.a3 Bc5 11.Nc3 h6 12.Bc1 Re8 13.h3 Bxd4 14.Qxd4 Nc5 15.Qd1 Be6
16.b3 Qc8 17.Kh2 a4 18.bxa4 Bxc4 19.Rb1 Nxa4 20.Nxa4 Bxe2 21.Qb3 Bxf1 22.Bxf1 Rxa4
23.Qxa4 Qf5 24.Rb2 Re1 25.Qc2 Qxc2 26.Rxc2 Rxf1 27.Kg2 Rd1 28.Rxc7 Nd5 29.Rc8+ Kh7
30.Kf3 b5 31.Ke2 Rh1 32.Rc6 Nf6 33.Be3 Ra1 34.Rxd6 Rxa3 35.Rb6 Nd5 36.Rb7 Kg6
37.Bd4 Ra4 38.Bc5 Ra2+ 39.Kf3 Rb2 40.Ke4 Nc3+ 41.Kf3 Rb3 42.Bf8 Nd5+ 43.Kg2 h5
44.Rd7 Rd3 45.Rd6+ Kh7 46.Kf1 b4 47.Ke1 b3 48.Rd7 b2 49.Rb7 Nc3  0-1

[Event "XI Miguel Najdorf Open A 2013"]
[Site "Warsaw POL"]
[Date "2013.08.05"]
[Round "1.5"]
[White "Stachowiak,K"]
[Black "Eggink,R"]
[Result "1/2-1/2"]
[WhiteElo "2470"]
[BlackElo "2162"]

1.d4 Nf6 2.Nf3 e6 3.c4 Bb4+ 4.Bd2 a5 5.g3 b6 6.Bg2 Bb7 7.O-O O-O 8.Bg5 Be7
9.Nc3 Ne4 10.Bxe7 Qxe7 11.Qc2 Nxc3 12.Qxc3 f5 13.Ne1 Bxg2 14.Nxg2 d6 15.Rae1 Qf6
16.Qd2 Nd7 17.b3 Rae8 18.f4 Qg6 19.Nh4 Qh5 20.Nf3 Nf6 21.Qd3 Ne4 22.Nd2 e5
23.dxe5 Nxd2 24.Qxd2 dxe5 25.e4 Rd8 26.Qe2 Qxe2 27.Rxe2 exf4 28.Rxf4 Rde8
29.Kf2 fxe4 30.Ke3  1/2-1/2